Statistics for Children of British Prime Ministers

Click here to take the quiz!

General Stats

  • This quiz has been taken 68 times
  • The average score is 9 of 27

Answer Stats

HintAnswer% Correct
Margaret ThatcherMark
85%
Margaret ThatcherCarol
79%
Gordon BrownFraser
65%
John MajorJames
65%
Gordon BrownJohn
60%
Tony BlairEuan
58%
Tony BlairKathryn
50%
Winston ChurchillMary
46%
Tony BlairLeo
44%
John MajorElizabeth
38%
Winston ChurchillSarah
37%
Winston ChurchillRandolph
33%
Boris JohnsonWilfred
27%
Winston ChurchillDiana
25%
David CameronIvan
25%
Boris JohnsonRomy
25%
David CameronFlorence
23%
Tony BlairNicky
23%
Winston ChurchillMarigold
21%
David CameronNancy
19%
Gordon BrownJennifer
15%
David CameronArthur
13%
Boris JohnsonCassia
13%
Boris JohnsonTheodore
12%
Boris JohnsonLara
8%
Boris JohnsonMilo
8%
Boris JohnsonStephanie
6%

Score Distribution

Percentile by Number Answered

Percent of People with Each Score

Your Score History

You have not taken this quiz